| 000 | 01160njm a22002537a 4500 | ||
|---|---|---|---|
| 005 | 20100907122034.0 | ||
| 006 | a|||||r|||||00| 0 | ||
| 007 | sd ammalaaahaa | ||
| 008 | 100907t xxu||||| |||| 00| 0 eng d | ||
| 028 |
_aN 54216 _bHis Master's Voice |
||
| 035 | _aGR-01123 | ||
| 100 |
_aMukesh _918693 |
||
| 245 |
_aEk dil sao afsane / _cby Mukesh; music by Shankar Jaikishani; lyrics by Shailendra _h[Sound recording] |
||
| 246 | _aएक दिल सौ अफसाने / मुकेश द्वारा | ||
| 260 |
_aDum Dum, India _bHis Master's Voice |
||
| 300 |
_a1 sound disc [Gramophone Recording] _banalog, 33 1/3rpm ; _c9.5 in. (MP) _fGramaphone Records |
||
| 500 | _aBrief record | ||
| 505 | _aSide-1 मस्त नज़र देख इधर (Masat nazar dekh idhar) (Mukesh) --Side-2 ओ जादुगर प्यार के (O jadugar pyar ke) (Lata Mangeshkar) | ||
| 650 |
_aClassical music _xExcerpts _zIndia _918694 |
||
| 700 |
_aShankar Jaikishan _918695 |
||
| 700 |
_aShailendra _918716 |
||
| 942 |
_2ddc _cGR |
||
| 999 |
_c44211 _d44211 |
||